000 01099cam a22002653i 4500
001 ltf89004620
003 DLC
005 20260227111549.0
008 900912s1902 ru 000 0druso
010 _altf89004620
040 _aDLC
_cDLC
_dDLC
041 1 _arus
_hlat
050 0 0 _aCyr4 PA 19
100 1 _aAbelard, Peter,
_d1079-1142
240 1 0 _aHistoria calamitatum.
_lRussian
245 1 0 _aIstorīi͡a moikh bi͡edstvīĭ /
_cPʹer Abeli͡ar ; perevod s latinskago P.O. Morozova.
260 _cS.-Peterburg :
_bIzdanie Kartograficheskago zavedenīi͡a A. Ilʹina,
_c1902.
300 _alxii, 108 p. ;
_c21 cm.
440 0 _aRi͡ad istoricheskikh romanov
500 _a"Pod redakt͡sīeĭ, s vvedenīem i primi͡echanīi͡ami professora A. Trachevskago."
500 _aAdvertisements for other works by Professor Trachevskīĭ and for the series Ri͡ad istoricheskikh romanov on back paper cover.
700 1 _aMorozov, P. O.
_q(Petr Osipovich),
_d1854-1920.
700 1 _aTrachevskiĭ, A. S.
_q(Aleksandr Semenovich),
_d1838-1906.
710 2 _aKartograficheskoe zavedenīe A. Ilʹina.
999 _c37310
_d37310